000 00339nam a2200145 i 4500
001 bg
100 1 _aBADYLKES, I. S.
245 0 _aCzynniki i procesy ziębnicze /
_cI.S. Badyl'kes.
260 _aWarszawa,
_c1966.
040 _cBPK
041 _apol
080 _a621.56/.59
942 _cKS
008 s pl f |000 0 pol
999 _c16164
_d16164